000 00704nam a22002297a 4500
003 OSt
005 20140310181922.0
008 130719t xxu||||| |||| 00| 0 eng d
050 _aLC 149
_b.C452lp 2007
082 _aTR 372
_bC452fl 2007
100 _aChampion, Judi
245 _aDeveloping literacy :
_busing the four roles of the reader : lower primary /
_cJudi Champion.
260 _aPort Melbourne, Vic :
_bRigby,
_cc2007.
300 _a48 p. ;
_bill. ;
_c28 cm.
521 _aFaculty
541 _j1
562 _e1
650 _aEnglish language
_xStudy and teaching (Primary)
_91891
650 _aReading (Primary)
_91874
700 _aChampion, Judi
942 _2lcc
_cBK-TR
_kTR
999 _c7048
_d7048